Wszystkie miasta, do których lata Finnair - Statystyki

Ogólne statystyki
  • Ten quiz został rozwiązany 50 razy
  • Średni wynik to 55 z 81
Statystyki odpowiedzi
Kraj Miasto % Poprawnych
Belgia Bruksela
100%
Austria Wiedeń
100%
Chiny Pekin
98%
Łotwa Ryga
98%
Korea Południowa Seul
98%
Litwa Wilno
98%
Bośnia i Hercegowina Sarajewo
96%
Niemcy Berlin
93%
Holandia Amsterdam
91%
Irlandia Dublin
91%
Finlandia Helsinki
91%
Portugalia Lizbona
91%
Hiszpania Madryt
91%
Niemcy Monachium
91%
Rosja Moskwa
91%
Norwegia Oslo
91%
Francja Paryż
91%
Rosja St. Petersburg
91%
Estonia Tallinn
91%
Polska Warszawa
91%
Grecja Ateny
89%
Hiszpania Barcelona
89%
Rumunia Bukareszt
89%
Polska Gdańsk
89%
Ukraina Kijów
89%
Dania Kopenhaga
89%
Polska Kraków
89%
Włochy Rzym
89%
Szwecja Sztokholm
89%
Japonia Tokio
89%
Zjednoczone Emiraty Arabskie Dubaj
87%
Wielka Brytania Londyn
87%
Słowenia Lublana
87%
Indie Nowe Delhi
87%
Stany Zjednoczone Nowy Jork
87%
Czechy Praga
87%
Singapur Singapur
87%
Kanada Toronto
87%
Szwajcaria Zurych
87%
Niemcy Hamburg
84%
Włochy Mediolan
84%
Chiny Szanghaj
84%
Niemcy Frankfurt
82%
Stany Zjednoczone Los Angeles
82%
Tajlandia Bangkok
78%
Szwajcaria Genewa
78%
Wielka Brytania Manchester
78%
Stany Zjednoczone Chicago
76%
Chorwacja Split
76%
Indie Mumbaj
73%
Izrael Tel Awiw
73%
Chiny Hongkong
71%
Wielka Brytania Edynburg
67%
Japonia Osaka
67%
Włochy Wenecja
67%
Niemcy Dusseldorf
64%
Szwecja Goteborg
62%
Francja Nicea
62%
Niemcy Stuttgart
60%
Cypr Larnaka
53%
Stany Zjednoczone Boston
51%
Finlandia Oulu
44%
Finlandia Tampere
40%
Finlandia Turku
40%
Wietnam Ho Chi Minh City
33%
Cypr Pafos
31%
Finlandia Rovaniemi
31%
Tajlandia Phuket
29%
Finlandia Kuopio
20%
Japonia Nagoja
20%
Chiny Chongqing
18%
Włochy Piza
16%
Finlandia Kuusamo
9%
Finlandia Vaasa
7%
Finlandia Joensuu
4%
Finlandia Jyväskylä
4%
Finlandia Kokkola
4%
Finlandia Ivalo
2%
Finlandia Kajaani
2%
Finlandia Kemi
2%
Finlandia Kittilä
2%
Nie znaleziono quizów pasujących do podanych kryteriów
Rozkład punktacji
Procent ludzi z każdym wynikiem
Percentyl według liczby udzielonych odpowiedzi
Twoja historia wyników
Nie rozwiązałeś tego quizu